[Event "Johannesburg Redpath op"]
[Site "Johannesburg"]
[Date "2016.07.16"]
[Round "6"]
[White "Priyanshu, Srivastava"]
[Black "Molebatsi, Teboho"]
[Result "1-0"]
[WhiteElo "1878"]
[BlackElo "1734"]
[PlyCount "69"]
[EventDate "2016.07.13"]
[EventType "swiss"]
[EventRounds "9"]
[EventCountry "RSA"]
[SourceTitle "CBM 173 Extra"]
[Source "ChessBase"]
[SourceDate "2016.08.29"]
[SourceVersion "1"]
[SourceVersionDate "2016.08.29"]
[SourceQuality "1"]

1. d4 Nf6 2. c4 e6 3. Nc3 Bb4 4. e3 c5 5. Nf3 Bxc3+ 6. bxc3 b6 7. Bd3 Bb7 8. 0-0 0-0 9. Re1 d5 10. a4 Nbd7 11. Ba3 Rc8 12. Nd2 Re8 13. f3 dxc4 14. Nxc4 Qc7 15. e4 Red8 16. e5 Ne8 17. Rc1 a6 18. Ne3 Nf8 19. f4 Qd7 20. Bb2 cxd4 21. cxd4 Rxc1 22. Qxc1 Qxa4 23. f5 exf5 24. Nxf5 Ng6 25. Qg5 Qd7 26. Bc4 Rc8 27. e6 Qc6 28. exf7+ Kh8 29. Ne7 Qxg2+ 30. Qxg2 Bxg2 31. Kxg2 Nd6 32. Nxc8 h6 33. Nxd6 Nf4+ 34. Kf3 Ng6 35. Re8+ 1-0

[Event "Johannesburg Redpath op"]
[Site "Johannesburg"]
[Date "2016.07.15"]
[Round "5"]
[White "Baxter, David Jarred"]
[Black "Priyanshu, Srivastava"]
[Result "1-0"]
[WhiteElo "1662"]
[BlackElo "1878"]
[PlyCount "107"]
[EventDate "2016.07.13"]
[EventType "swiss"]
[EventRounds "9"]
[EventCountry "RSA"]
[SourceTitle "CBM 173 Extra"]
[Source "ChessBase"]
[SourceDate "2016.08.29"]
[SourceVersion "1"]
[SourceVersionDate "2016.08.29"]
[SourceQuality "1"]

1. e4 c6 2. d4 d5 3. Nc3 dxe4 4. Nxe4 Bf5 5. Ng3 Bg6 6. h4 h6 7. Nf3 Nd7 8. h5 Bh7 9. Bd3 Bxd3 10. Qxd3 Ngf6 11. Bd2 e6 12. 0-0-0 Qc7 13. Kb1 0-0-0 14. Ne4 Nxe4 15. Qxe4 Nf6 16. Qe2 Bd6 17. Be3 Rhe8 18. c4 c5 19. Qc2 Re7 20. d5 exd5 21. cxd5 Red7 22. Qf5 Kb8 23. Bxh6 gxh6 24. Qxf6 Bf8 25. Rhe1 Rd6 26. Qf5 Bg7 27. Qe4 Qd7 28. Ne5 Bxe5 29. Qxe5 Kc8 30. Re3 Rxd5 31. Rxd5 Qxd5 32. Qxd5 Rxd5 33. g4 Kd7 34. Kc2 Rd4 35. Rd3 Rxd3 36. Kxd3 b5 37. Ke4 Ke6 38. b3 a6 39. f3 a5 40. a4 c4 41. axb5 cxb3 42. Kd3 f6 43. Kc3 a4 44. f4 f5 45. gxf5+ Kxf5 46. b6 Kxf4 47. b7 Kg5 48. b8Q Kxh5 49. Qf4 b2 50. Kxb2 Kg6 51. Qg4+ Kf6 52. Qh5 Kg7 53. Ka3 Kh7 54. Kxa4 1-0

[Event "Johannesburg Redpath op"]
[Site "Johannesburg"]
[Date "2016.07.14"]
[Round "3"]
[White "Priyanshu, Srivastava"]
[Black "Van Rensburg, Ryan Pierre"]
[Result "0-1"]
[WhiteElo "1878"]
[BlackElo "2220"]
[PlyCount "108"]
[EventDate "2016.07.13"]
[EventType "swiss"]
[EventRounds "9"]
[EventCountry "RSA"]
[SourceTitle "CBM 173 Extra"]
[Source "ChessBase"]
[SourceDate "2016.08.29"]
[SourceVersion "1"]
[SourceVersionDate "2016.08.29"]
[SourceQuality "1"]

1. d4 Nf6 2. c4 Nc6 3. Nc3 e5 4. d5 Ne7 5. e4 Ng6 6. Nf3 Bb4 7. Bd3 0-0 8. 0-0 Bxc3 9. bxc3 d6 10. h3 Nh5 11. Bc2 Nhf4 12. Be3 b6 13. a4 a5 14. Kh2 Bd7 15. Rb1 Qc8 16. Ng1 Ne7 17. Qd2 Neg6 18. Qd1 h6 19. Rb2 Ne7 20. Qd2 g5 21. g4 Neg6 22. f3 Kg7 23. Bb3 Rh8 24. Qd1 h5 25. Kg3 hxg4 26. fxg4 Rh4 27. Rh2 Qh8 28. Rff2 Qh7 29. Qf1 Rh8 30. Bd1 Ne7 31. Bc1 Ng8 32. Bxf4 gxf4+ 33. Kg2 Bxg4 34. Bxg4 Rxg4+ 35. Kh1 Qxe4+ 36. Nf3 Rg6 37. Rfg2 Ne7 38. Qe2 Qxe2 39. Rxe2 Nf5 40. Reg2 Ne3 41. Rxg6+ Kxg6 42. Nd2 Kf5 43. Kg1 Rg8+ 44. Kf2 Nd1+ 45. Ke1 Rg1+ 46. Ke2 Nxc3+ 47. Kd3 Rg3+ 48. Kc2 Nxa4 49. h4 Rg6 50. h5 Rh6 51. Nf3 Nc5 52. Rh1 Ne4 53. Nd2 Ng3 54. Rh2 Rxh5 0-1

[Event "Johannesburg Tsogo Sun op"]
[Site "Johannesburg"]
[Date "2015.07.18"]
[Round "6"]
[White "Latela, Kananelo"]
[Black "Priyanshu, Srivastava"]
[Result "1-0"]
[WhiteElo "1622"]
[BlackElo "1888"]
[PlyCount "75"]
[EventDate "2015.07.15"]
[EventType "swiss"]
[EventRounds "9"]
[EventCountry "RSA"]
[SourceTitle "CBM 167 Extra"]
[Source "ChessBase"]
[SourceDate "2015.09.14"]
[SourceVersion "1"]
[SourceVersionDate "2015.09.14"]
[SourceQuality "1"]

1. e4 c6 2. d4 d5 3. e5 Bf5 4. Nf3 e6 5. Be2 Nd7 6. 0-0 c5 7. c4 Ne7 8. Be3 Qc8 9. Nbd2 Nc6 10. cxd5 exd5 11. Rc1 c4 12. a3 Be7 13. Re1 h6 14. Nf1 0-0 15. Ng3 Bh7 16. Qd2 Kh8 17. Bd1 Bd8 18. Ne2 b5 19. Bc2 Ba5 20. Nc3 Nb6 21. Bxh7 Kxh7 22. Qc2+ Kh8 23. Red1 b4 24. Nb5 b3 25. Qe2 a6 26. Nd6 Qd7 27. Nh4 Nc8 28. Nxc8 Raxc8 29. Qh5 Qe6 30. f4 Nd8 31. f5 Qc6 32. f6 Kg8 33. Nf5 Kh7 34. fxg7 Rg8 35. Bxh6 Qg6 36. Qh3 Qe6 37. Bg5+ Kg6 38. g4 1-0

[Event "Johannesburg Tsogo Sun op"]
[Site "Johannesburg"]
[Date "2015.07.18"]
[Round "7"]
[White "Waters, Anre"]
[Black "Priyanshu, Srivastava"]
[Result "0-1"]
[WhiteElo "1551"]
[BlackElo "1888"]
[PlyCount "33"]
[EventDate "2015.07.15"]
[EventType "swiss"]
[EventRounds "9"]
[EventCountry "RSA"]
[SourceTitle "CBM 167 Extra"]
[Source "ChessBase"]
[SourceDate "2015.09.14"]
[SourceVersion "1"]
[SourceVersionDate "2015.09.14"]
[SourceQuality "1"]

1. d4 d5 2. e3 e6 3. f4 f5 4. Bd3 Nf6 5. Nf3 c5 6. c3 Nc6 7. Nbd2 Ne4 8. 0-0 Bd6 9. Ne5 0-0 10. Rf3 Rf6 11. Rh3 Qe8 12. Bxe4 fxe4 13. Qh5 Qxh5 14. Rxh5 cxd4 15. exd4 Ne7 16. Nf1 g6 17. Rh3 0-1